Medical Microbiology and Immunology/ (Record no. 356071)
[ view plain ]
| 000 -LEADER | |
|---|---|
| fixed length control field | 00377nam a2200121Ia 4500 |
| 008 - FIXED-LENGTH DATA ELEMENTS--GENERAL INFORMATION | |
| fixed length control field | 180305s9999 xx 000 0 und d |
| 020 ## - INTERNATIONAL STANDARD BOOK NUMBER | |
| International Standard Book Number | 9780323462242 |
| 100 ## - MAIN ENTRY--PERSONAL NAME | |
| Personal name | Rosenthal, Ken S. |
| 245 ## - TITLE STATEMENT | |
| Statement of responsibility, etc | Patrick R. Murray, Ken S. Rosenthal, Michael A. Pfaller |
| Title | Medical Microbiology and Immunology/ |
| 250 ## - EDITION STATEMENT | |
| Edition statement | 2nd ed. |
| 260 ## - PUBLICATION, DISTRIBUTION, ETC. (IMPRINT) | |
| Place of publication, distribution, etc | Netherland |
| Name of publisher, distributor, etc | Elsevier |
| Date of publication, distribution, etc | 2017 |
| 300 ## - PHYSICAL DESCRIPTION | |
| Extent | 192 Pages |
| Withdrawn status | Lost status | Damaged status | Home library | Current library | Shelving location | Date acquired | Source of acquisition | Total Checkouts | Full call number | Barcode | Date last seen | Price effective from | Koha item type |
|---|---|---|---|---|---|---|---|---|---|---|---|---|---|
| South SEED-LPDH College Library | South SEED-LPDH College Library | South SEED-LPDH College Section | 03/05/2018 | Library Fund | QR 41.2 .R815 2016 | SSLC1687 | 03/05/2018 | 03/05/2018 | Books |